Ganadores de un GP F1 Formula - Estadísticas

Estadísticas generales
  • Esta prueba ha sido intentada 167 veces
  • La puntuación promedio es 9 de 22
Estadísticas de respuestas
Hint Respuesta % Correcto
107 Lewis Hamilton
98%
51 Fernando Alonso
88%
88 Max Verstappen
88%
7 Carlos Sainz
78%
36 Charles Leclerc
73%
7 Lando Norris
72%
32 Oscar Piastri
66%
1 Esteban Ocon
62%
6 George Russell
59%
1 Pierre Gasly
58%
9 Sergio Pérez
58%
10 Valterri Bottas
52%
12 Daniel Ricciardo
46%
7 Oliver Bearman
9%
1 Kimi Antonelli
7%
9 Liam Lawson
6%
11 Mike Halton
2%
1 Arzu Shah
1%
2 Dennis Hauger
1%
5 Frederik Vesti
1%
28 Geray Mota
1%
6 Gianluca Petecof
1%
No se encontraron pruebas coincidentes
Distribución de puntuación
Porcentaje de gente con cada puntuación
Porcentaje por número respondido
Historial de tus puntuaciones
No has intentado esta prueba.